[Event "NZL-ch Rapid op 132nd"]
[Site "Wellington"]
[Date "2025.01.12"]
[Round "8"]
[White "Runcan, Daniel Ioan"]
[Black "Fabay, Jenre Angelo"]
[Result "1-0"]
[WhiteElo "1917"]
[BlackElo "1733"]
[PlyCount "67"]
[EventDate "2025.01.11"]
[EventType "swiss (rapid)"]
[EventRounds "9"]
[EventCountry "NZL"]
[SourceTitle "CB03_2025"]
[SourceDate "2025.01.15"]
[SourceVersion "1"]
[SourceVersionDate "2025.01.15"]
[SourceQuality "1"]

1. e4 c5 2. Nc3 Nc6 3. f4 e6 4. Nf3 d5 5. Bb5 d4 6. Bxc6+ bxc6 7. Nb1 Be7 8. d3 Nf6 9. b3 0-0 10. 0-0 a5 11. a4 Ba6 12. Nbd2 Qc7 13. Ne5 Nd7 14. Ndc4 Bf6 15. Bd2 Bxc4 16. Nxc4 Ra7 17. Qe1 Rfa8 18. g4 e5 19. g5 Be7 20. f5 f6 21. h4 Qd8 22. Qg3 Kh8 23. Kf2 Kg8 24. Rg1 Kf8 25. Qf3 Qe8 26. Rg2 Qf7 27. Rag1 Ke8 28. g6 hxg6 29. Rxg6 Bf8 30. Rxg7 Qxg7 31. Rxg7 Bxg7 32. Qg4 Nf8 33. h5 Bh8 34. h6 1-0

[Event "NZL-ch rapid op"]
[Site "Auckland"]
[Date "2019.01.23"]
[Round "2"]
[White "Runcan, Daniel Ioan"]
[Black "Papin, Vasily"]
[Result "0-1"]
[WhiteElo "1889"]
[BlackElo "2547"]
[PlyCount "36"]
[EventDate "2019.01.23"]
[EventType "swiss (rapid)"]
[EventRounds "9"]
[EventCountry "NZL"]
[SourceTitle "CBM 189 Extra"]
[Source "ChessBase"]
[SourceDate "2019.05.31"]
[SourceVersion "1"]
[SourceVersionDate "2019.05.31"]
[SourceQuality "1"]

1. e4 c5 2. Nc3 a6 3. f4 b5 4. g3 Bb7 5. Bg2 e6 6. d3 d5 7. Nh3 h5 8. 0-0 Nf6 9. e5 Ng4 10. Ng5 g6 11. h3 Nh6 12. Ne2 Be7 13. c3 Nc6 14. Kh2 Nf5 15. Ng1 Bxg5 16. fxg5 Nxe5 17. Qe2 Ng4+ 18. Kh1 Nxg3# 0-1

[Event "Auckland North Shore op 45th"]
[Site "Auckland"]
[Date "2018.08.26"]
[Round "5"]
[White "Runcan, Daniel Ioan"]
[Black "Lim, Benjamin U"]
[Result "0-1"]
[WhiteElo "1943"]
[BlackElo "1901"]
[PlyCount "92"]
[EventDate "2018.08.25"]
[EventType "swiss"]
[EventRounds "5"]
[EventCountry "NZL"]
[SourceTitle "EXT 2021"]
[Source "ChessBase"]
[SourceDate "2020.10.23"]
[SourceVersion "1"]
[SourceVersionDate "2020.10.23"]
[SourceQuality "1"]

1. e4 c5 2. Nc3 d6 3. f4 g6 4. Nf3 Bg7 5. Bb5+ Bd7 6. Bxd7+ Qxd7 7. 0-0 e6 8. d3 Ne7 9. Ne2 d5 10. c3 Nbc6 11. a3 0-0 12. Qe1 c4 13. exd5 exd5 14. d4 f6 15. Ng3 Rae8 16. Qf2 Nf5 17. Nh1 Nd6 18. Qc2 Na5 19. Bd2 Nb3 20. Rae1 Qf5 21. Qxf5 Nxf5 22. Kf2 Re4 23. Re2 Nxd2 24. Nxd2 Rxf4+ 25. Kg1 Rxf1+ 26. Kxf1 Bh6 27. Kf2 Kf7 28. g4 Nd6 29. Ng3 Re8 30. Ngf1 Rxe2+ 31. Kxe2 Ke6 32. a4 b5 33. axb5 Nxb5 34. h4 a5 35. Ne3 Bxe3 36. Kxe3 a4 37. Nb1 g5 38. hxg5 fxg5 39. Nd2 Nxc3 40. Nf3 Ne4 41. Ne5 c3 42. Kd3 cxb2 43. Kc2 a3 44. Nd3 Nc3 45. Nxb2 axb2 46. Kxb2 Nb5 0-1

[Event "Auckland North Shore op 45th"]
[Site "Auckland"]
[Date "2018.08.25"]
[Round "1"]
[White "Liu, Xinyang"]
[Black "Runcan, Daniel Ioan"]
[Result "0-1"]
[WhiteElo "1694"]
[BlackElo "1943"]
[PlyCount "118"]
[EventDate "2018.08.25"]
[EventType "swiss"]
[EventRounds "5"]
[EventCountry "NZL"]
[SourceTitle "EXT 2021"]
[Source "ChessBase"]
[SourceDate "2020.10.23"]
[SourceVersion "1"]
[SourceVersionDate "2020.10.23"]
[SourceQuality "1"]

1. e4 c5 2. c3 Nf6 3. e5 Nd5 4. d4 cxd4 5. cxd4 d6 6. f4 e6 7. Nf3 Nc6 8. Nc3 dxe5 9. fxe5 a6 10. Bd2 Be7 11. h4 b5 12. Rc1 Bb7 13. a4 b4 14. Ne4 Qb6 15. Nc5 Bxc5 16. dxc5 Qc7 17. Be2 Rd8 18. Qc2 Nxe5 19. 0-0 Nc6 20. Ng5 Nd4 21. Qd1 Nf6 22. Bxb4 Nf3+ 23. Nxf3 Rxd1 24. Rcxd1 Bc6 25. b3 Qb7 26. Ba5 0-0 27. Nd4 Nd5 28. Nxc6 Qxc6 29. Bf3 h6 30. Bb6 Rc8 31. Bxd5 exd5 32. Rf2 Re8 33. Rfd2 Re5 34. a5 f5 35. b4 Kf7 36. Rc1 Re4 37. Rf1 Ke6 38. Rdf2 Re5 39. Rf4 g5 40. hxg5 hxg5 41. Rd4 Re4 42. Rfd1 Rxd4 43. Rxd4 Ke5 44. Rd2 d4 45. Bd8 g4 46. Bg5 Qb5 47. g3 Qxb4 48. c6 Qb1+ 49. Kf2 Qb5 50. c7 Qc5 51. Bf4+ Ke6 52. Ke2 Kd7 53. Rb2 Qc3 54. Rd2 Qf3+ 55. Ke1 d3 56. Rf2 Qe4+ 57. Kd2 Qc4 58. Rf1 Qc2+ 59. Ke1 Qe2# 0-1

[Event "Auckland Trusts op 41st"]
[Site "Auckland"]
[Date "2018.06.03"]
[Round "3"]
[White "Runcan, Daniel Ioan"]
[Black "Shen, Terry"]
[Result "1-0"]
[WhiteElo "2036"]
[BlackElo "1879"]
[PlyCount "201"]
[EventDate "2018.06.02"]
[EventType "swiss"]
[EventRounds "6"]
[EventCountry "NZL"]
[SourceTitle "EXT 2019"]
[Source "ChessBase"]
[SourceDate "2018.10.10"]
[SourceVersion "1"]
[SourceVersionDate "2018.10.10"]
[SourceQuality "1"]

1. e4 c5 2. Nc3 Nc6 3. f4 g6 4. Nf3 Bg7 5. Bc4 e6 6. d3 Nge7 7. 0-0 0-0 8. a3 d5 9. Ba2 b6 10. Re1 Bb7 11. Ne2 Rc8 12. Ng3 Nd4 13. c3 Nxf3+ 14. Qxf3 dxe4 15. dxe4 Nf5 16. Be3 Qc7 17. Bf2 Bh6 18. Qg4 Bxf4 19. exf5 Qc6 20. Qh3 exf5 21. Rad1 Rcd8 22. Bb1 Bd2 23. Re2 Bf4 24. Rxd8 Rxd8 25. Bxf5 Rd1+ 26. Be1 Ba6 27. Bd7 Bxe2 28. Nxe2 Qe4 29. Kf2 Bd2 30. Bxd2 Rxd2 31. Bb5 Rxb2 32. a4 Kg7 33. Qd3 Qxd3 34. Bxd3 Ra2 35. Bb5 a6 36. Bxa6 Rxa4 37. Bb5 Ra5 38. c4 Ra2 39. h3 Kf6 40. Kf3 Ke5 41. Ke3 f5 42. Bc6 Ra3+ 43. Kd2 Ra2+ 44. Kd3 Kd6 45. Nc3 Ra1 46. Bd5 Ra3 47. Bg8 h6 48. Bh7 Ra8 49. h4 Rh8 50. Bxg6 Ke5 51. Bf7 Rd8+ 52. Bd5 Rd7 53. Ke3 Ra7 54. Bf3 Ra3 55. Kd2 Ra7 56. Nd5 Kd4 57. Nxb6 Ra2+ 58. Kc1 Ra6 59. Nc8 Kc3 60. Kb1 Re6 61. Bd5 Re2 62. Nd6 f4 63. Nb7 Kd4 64. Kc1 Ra2 65. Nd6 Kc3 66. Kd1 Kd3 67. Ke1 Rb2 68. h5 Rb6 69. Nf7 Ke3 70. Kd1 Rf6 71. Nd8 Rf5 72. Bf3 Kd3 73. Nb7 Rg5 74. Nd6 Rg8 75. Bd5 Rg5 76. Be4+ Kd4 77. Bf3 Kd3 78. Kc1 Re5 79. Bd5 Rxh5 80. Nb7 Kd4 81. Nd8 Ke5 82. Nc6+ Kd6 83. Kd2 Rg5 84. Kd3 Rg7 85. Ke4 Rc7 86. Kxf4 Rxc6 87. Bxc6 Kxc6 88. Ke5 h5 89. g3 Kd7 90. Kd5 Ke7 91. Kxc5 Kf6 92. Kd6 Kf5 93. c5 Kg4 94. c6 Kxg3 95. c7 h4 96. c8Q h3 97. Qc3+ Kg2 98. Qd2+ Kg1 99. Qg5+ Kh1 100. Qf4 h2 101. Qf1# 1-0

[Event "Auckland Trusts op 41st"]
[Site "Auckland"]
[Date "2018.06.03"]
[Round "4"]
[White "Stark, John"]
[Black "Runcan, Daniel Ioan"]
[Result "1-0"]
[WhiteElo "2263"]
[BlackElo "2036"]
[PlyCount "55"]
[EventDate "2018.06.02"]
[EventType "swiss"]
[EventRounds "6"]
[EventCountry "NZL"]
[SourceTitle "EXT 2019"]
[Source "ChessBase"]
[SourceDate "2018.10.10"]
[SourceVersion "1"]
[SourceVersionDate "2018.10.10"]
[SourceQuality "1"]

1. c4 Nf6 2. g3 c6 3. Bg2 d5 4. Qc2 Na6 5. a3 dxc4 6. Qxc4 Qc7 7. d4 Be6 8. Qd3 Rd8 9. Nc3 Nc5 10. Qd1 Bb3 11. Qd2 e5 12. Nf3 exd4 13. Nxd4 Qe5 14. Qe3 Bd6 15. h3 0-0 16. 0-0 Rfe8 17. Nf3 Qxe3 18. Bxe3 Nd5 19. Nxd5 Bxd5 20. Rac1 b6 21. Nd4 Bxg2 22. Kxg2 Rc8 23. b4 Ne4 24. Nxc6 Nxg3 25. fxg3 Rxe3 26. Ne7+ Bxe7 27. Rxc8+ Bf8 28. Rd1 1-0

[Event "Auckland North Shore op 44th"]
[Site "Auckland"]
[Date "2017.08.27"]
[Round "4"]
[White "Krstev, Antonio"]
[Black "Runcan, Daniel Ioan"]
[Result "0-1"]
[WhiteElo "2034"]
[BlackElo "1936"]
[PlyCount "122"]
[EventDate "2017.08.26"]
[EventType "swiss"]
[EventRounds "5"]
[EventCountry "NZL"]
[SourceTitle "CBM 180 Extra"]
[Source "ChessBase"]
[SourceDate "2017.10.06"]
[SourceVersion "1"]
[SourceVersionDate "2017.10.06"]
[SourceQuality "1"]

1. d4 Nf6 2. Nf3 d6 3. c4 g6 4. Nc3 Bg7 5. e4 0-0 6. Be2 e5 7. dxe5 dxe5 8. Qxd8 Rxd8 9. Bg5 Rf8 10. Bxf6 Bxf6 11. Nd5 Bd8 12. 0-0-0 c6 13. Nc3 f6 14. h4 Be6 15. a3 Nd7 16. Rd6 Kf7 17. Rhd1 Ke7 18. b4 Bc7 19. R6d2 a5 20. Kb2 axb4 21. axb4 Nb6 22. Nd5+ Bxd5 23. exd5 cxd5 24. c5 Na4+ 25. Kb3 d4 26. Nxd4 exd4 27. Rxd4 Be5 28. Rd7+ Ke6 29. Rxb7 Nc3 30. Bc4+ Kf5 31. Re1 Na2 32. g3 g5 33. Rxh7 Rfd8 34. f4 Bc3 35. Rf1 Bxb4 36. fxg5+ Kg6 37. Rh6+ Kg7 38. Be6 Ra3+ 39. Kc4 Rc3+ 40. Kb5 Rb8+ 41. Kc6 Rxc5+ 42. Kd7 Rb7+ 43. Kd8 Ba5+ 44. Ke8 Rcc7 45. gxf6+ Kxh6 46. Rd1 Rb8+ 47. Rd8 Rxd8+ 48. Kxd8 Ra7+ 49. Ke8 Nc3 50. g4 Ne4 51. g5+ Nxg5 52. hxg5+ Kxg5 53. f7 Ra8+ 54. Kd7 Kf6 55. Bb3 Ke5 56. Kc6 Rb8 57. Ba4 Kd4 58. Kd7 Kc4 59. Ke6 Bb4 60. Kf6 Bf8 61. Kg6 Ra8 0-1

[Event "Waitakere Trusts op 40th"]
[Site "Waitakere"]
[Date "2017.06.05"]
[Round "6"]
[White "MacDonald, Paul"]
[Black "Runcan, Daniel Ioan"]
[Result "1-0"]
[WhiteElo "1985"]
[BlackElo "1924"]
[PlyCount "67"]
[EventDate "2017.06.03"]
[EventType "swiss"]
[EventRounds "6"]
[EventCountry "NZL"]
[SourceTitle "EXT 2018"]
[Source "ChessBase"]
[SourceDate "2017.10.13"]
[SourceVersion "1"]
[SourceVersionDate "2017.10.13"]
[SourceQuality "1"]

1. b3 Nf6 2. Bb2 d5 3. Nf3 c5 4. e3 Bf5 5. Be2 Nbd7 6. d3 e6 7. Nh4 Bg6 8. Nxg6 hxg6 9. Nd2 Bd6 10. Bf3 Qc7 11. g3 Ne5 12. Be2 Nc6 13. f4 e5 14. 0-0 Ne7 15. Nf3 Ng4 16. fxe5 Nxe5 17. Qd2 f6 18. Nxe5 Bxe5 19. Bxe5 Qxe5 20. d4 Qd6 21. c4 Rd8 22. cxd5 cxd4 23. e4 Qe5 24. Bf3 f5 25. Rae1 Rd6 26. exf5 Qxf5 27. Qxd4 Qh3 28. Rf2 Kd8 29. Bg4 Nf5 30. Qe4 Qh6 31. Bxf5 gxf5 32. Qe7+ Kc8 33. Rc2+ Kb8 34. Qc7+ 1-0

[Event "Auckland Anniversary op"]
[Site "Auckland"]
[Date "2017.01.29"]
[Round "5"]
[White "Runcan, Daniel Ioan"]
[Black "Cooper, Nigel"]
[Result "1-0"]
[WhiteElo "1928"]
[BlackElo "1643"]
[PlyCount "105"]
[EventDate "2017.01.27"]
[EventType "swiss"]
[EventRounds "7"]
[EventCountry "NZL"]
[SourceTitle "EXT 2018"]
[Source "ChessBase"]
[SourceDate "2017.10.13"]
[SourceVersion "1"]
[SourceVersionDate "2017.10.13"]
[SourceQuality "1"]

1. e4 Nc6 2. d4 e5 3. Nf3 exd4 4. Nxd4 Qh4 5. Qd3 Nb4 6. Qe2 Bc5 7. c3 Nc6 8. g3 Nxd4 9. cxd4 Bb4+ 10. Bd2 Qe7 11. Bg2 Bxd2+ 12. Qxd2 d5 13. e5 c6 14. Nc3 Nh6 15. 0-0 0-0 16. Nd1 f6 17. f4 Be6 18. Ne3 Qd7 19. Rad1 Rf7 20. Nc2 Bh3 21. Rde1 Bxg2 22. Kxg2 Re8 23. h3 f5 24. Nb4 Re6 25. Nd3 b6 26. Rc1 Rf8 27. Rc3 Rc8 28. b4 Nf7 29. Rfc1 Nd8 30. Kh2 Rg6 31. Nf2 h5 32. Qc2 Qe6 33. Qa4 Rc7 34. Qd1 Rh6 35. a4 Qe8 36. Qb3 Qd7 37. Qd1 Qe8 38. Qd3 Qd7 39. Rg1 Qe6 40. Nd1 Qd7 41. Ne3 g6 42. Rgc1 Rh7 43. Ng2 Re7 44. Nh4 Kg7 45. g4 hxg4 46. hxg4 Rf7 47. gxf5 gxf5 48. Qh3 Qe6 49. Rg1+ Kf8 50. Rg6 Qd7 51. Rcg3 Ne6 52. Rg8+ Ke7 53. Ng6# 1-0

[Event "Auckland Morrison Memorial"]
[Site "Auckland"]
[Date "2016.10.23"]
[Round "5"]
[White "Braganza, Nadia"]
[Black "Runcan, Daniel Ioan"]
[Result "0-1"]
[WhiteElo "1455"]
[BlackElo "1930"]
[PlyCount "112"]
[EventDate "2016.10.21"]
[EventType "swiss"]
[EventRounds "6"]
[EventCountry "NZL"]
[SourceTitle "EXT 2018"]
[Source "ChessBase"]
[SourceDate "2017.10.13"]
[SourceVersion "1"]
[SourceVersionDate "2017.10.13"]
[SourceQuality "1"]

1. e4 c5 2. Nf3 d6 3. d4 cxd4 4. Nxd4 Nf6 5. Nc3 a6 6. Be2 e5 7. Nf3 Be7 8. 0-0 0-0 9. Bg5 Nbd7 10. Nh4 h6 11. Be3 Nb6 12. f4 Nxe4 13. Nxe4 exf4 14. Bxf4 d5 15. Ng3 Bc5+ 16. Kh1 Qxh4 17. Bc7 Be6 18. Bf3 Nc4 19. Qc1 Be3 20. Qe1 Rac8 21. b3 Nd2 22. Qxe3 Nxf1 23. Rxf1 Rxc7 24. Bd1 Qb4 25. Qe5 Qc3 26. Qf4 Rd7 27. Nh5 f6 28. Rf3 Qe5 29. Qxe5 fxe5 30. Rxf8+ Kxf8 31. Kg1 Bf5 32. Ng3 Bg6 33. Kf2 Rc7 34. a3 Bxc2 35. Bxc2 Rxc2+ 36. Kf1 Kf7 37. Nf5 d4 38. Nd6+ Ke6 39. Nxb7 e4 40. Na5 e3 41. Nc4 Kd5 42. h3 Rxc4 43. bxc4+ Kxc4 44. Ke2 h5 45. g3 g5 46. h4 g4 47. a4 a5 48. Ke1 d3 49. Kd1 Kc3 50. Ke1 e2 51. Kf2 Kd2 52. Kg1 e1Q+ 53. Kg2 Qe2+ 54. Kg1 Ke3 55. Kh1 Kf3 56. Kg1 Qg2# 0-1

[Event "Henderson Trusts op 39th"]
[Site "Henderson"]
[Date "2016.06.05"]
[Round "4"]
[White "Runcan, Daniel Ioan"]
[Black "Timergazi, Layla"]
[Result "1/2-1/2"]
[WhiteElo "1914"]
[BlackElo "1956"]
[PlyCount "66"]
[EventDate "2016.06.04"]
[EventType "swiss"]
[EventRounds "6"]
[EventCountry "NZL"]
[SourceTitle "EXT 2018"]
[Source "ChessBase"]
[SourceDate "2017.10.13"]
[SourceVersion "1"]
[SourceVersionDate "2017.10.13"]
[SourceQuality "1"]

1. e4 c6 2. d4 d5 3. Nd2 dxe4 4. Nxe4 Bf5 5. Ng3 Bg6 6. h4 h6 7. Nf3 Nd7 8. h5 Bh7 9. Bd3 Bxd3 10. Qxd3 e6 11. Bf4 Qa5+ 12. c3 Ngf6 13. a4 c5 14. dxc5 Nxc5 15. Qc2 Nd5 16. Be5 Qa6 17. Qe2 Nd3+ 18. Kf1 f6 19. Bd4 N5f4 20. Qe3 Nb4+ 21. Kg1 Nc2 22. Qxf4 Nxa1 23. Bxf6 gxf6 24. Qxf6 Rg8 25. Ne5 Rg7 26. Kh2 Qxa4 27. Ng6 Rf7 28. Qxe6+ Be7 29. Nf5 Qa6 30. Qe5 Qf6 31. Qb5+ Qc6 32. Qe5 Qf6 33. Qb5+ Qc6 1/2-1/2

[Event "Henderson Trusts op 39th"]
[Site "Henderson"]
[Date "2016.06.04"]
[Round "2"]
[White "Shen, Terry"]
[Black "Runcan, Daniel Ioan"]
[Result "0-1"]
[WhiteElo "1682"]
[BlackElo "1914"]
[PlyCount "92"]
[EventDate "2016.06.04"]
[EventType "swiss"]
[EventRounds "6"]
[EventCountry "NZL"]
[SourceTitle "EXT 2018"]
[Source "ChessBase"]
[SourceDate "2017.10.13"]
[SourceVersion "1"]
[SourceVersionDate "2017.10.13"]
[SourceQuality "1"]

1. d4 Nf6 2. c4 e6 3. Nc3 Bb4 4. Qc2 b6 5. e3 Bb7 6. Nf3 Ne4 7. Bd3 f5 8. Bd2 Nxd2 9. Nxd2 Nc6 10. 0-0-0 Qf6 11. a3 Bf8 12. Nb5 0-0-0 13. d5 Ne5 14. Nxa7+ Kb8 15. Nb5 Nxd3+ 16. Qxd3 c6 17. Nc3 exd5 18. cxd5 cxd5 19. Kb1 d4 20. exd4 d5 21. Nb5 Ba6 22. Qg3+ Bd6 23. Nxd6 Rxd6 24. Qe5 Qg6 25. Rc1 Re8 26. Qf4 Kb7 27. g3 Qf6 28. h4 Bd3+ 29. Ka1 Rc6 30. Nf3 Rec8 31. Rxc6 Qxc6 32. Ne5 Qb5 33. Nxd3 Qxd3 34. Re1 Rc2 35. Qe5 Qb3 36. Qxg7+ Ka6 37. Rb1 Rxf2 38. Qxh7 Qxg3 39. Qh8 Ka7 40. Re1 Qb3 41. Re7+ Ka6 42. Qc8+ Kb5 43. Qc1 Qc4 44. Qxc4+ Kxc4 45. h5 Rh2 46. Rh7 Kb3 0-1

[Event "NZL-ch blitz 123rd"]
[Site "Auckland"]
[Date "2016.01.12"]
[Round "1"]
[White "Fier, Alexandr"]
[Black "Runcan, Daniel Ioan"]
[Result "1-0"]
[WhiteElo "2607"]
[BlackElo "1921"]
[PlyCount "57"]
[EventDate "2016.01.12"]
[EventType "swiss (blitz)"]
[EventRounds "9"]
[EventCountry "NZL"]
[SourceTitle "CBM 170 Extra"]
[Source "ChessBase"]
[SourceDate "2016.02.25"]
[SourceVersion "1"]
[SourceVersionDate "2016.02.25"]
[SourceQuality "1"]

1. e4 c5 2. Nf3 d6 3. d4 cxd4 4. Nxd4 Nf6 5. Nc3 a6 6. Bg5 e6 7. f4 Nc6 8. Nxc6 bxc6 9. e5 h6 10. Bh4 g5 11. fxg5 Nd5 12. Ne4 dxe5 13. Bd3 Be7 14. Bg3 Nf4 15. Bxf4 exf4 16. g6 Bh4+ 17. g3 Bg5 18. gxf7+ Kxf7 19. Qh5+ Kg7 20. gxf4 Bxf4 21. Rg1+ Kf8 22. Ke2 e5 23. Raf1 Qe8 24. Rg6 Bd7 25. Nf6 Qf7 26. Nxd7+ Qxd7 27. Rf6+ Kg8 28. Qg6+ Qg7 29. Bc4# 1-0

[Event "Auckland North Shore op 42nd"]
[Site "Auckland"]
[Date "2015.09.20"]
[Round "5"]
[White "Duneas, John"]
[Black "Runcan, Daniel Ioan"]
[Result "1-0"]
[WhiteElo "2040"]
[BlackElo "1932"]
[PlyCount "135"]
[EventDate "2015.09.19"]
[EventType "swiss"]
[EventRounds "5"]
[EventCountry "NZL"]
[SourceTitle "EXT 2016"]
[Source "ChessBase"]
[SourceDate "2015.10.08"]
[SourceVersion "1"]
[SourceVersionDate "2015.10.08"]
[SourceQuality "1"]

1. d4 Nf6 2. c4 c5 3. d5 b5 4. Qc2 d6 5. e4 g6 6. cxb5 a6 7. Nf3 Nbd7 8. Nc3 Bg7 9. h3 0-0 10. Be2 axb5 11. Bxb5 Ba6 12. 0-0 Ne8 13. Bxa6 Rxa6 14. b3 Qa5 15. Bb2 Nc7 16. Nd2 Rb8 17. Rfb1 Nb6 18. a3 Raa8 19. b4 cxb4 20. Nb3 Qa6 21. axb4 Qc4 22. Na5 Qxb4 23. Nc6 Qc4 24. Nxb8 Rxb8 25. Qe2 Qc5 26. Nd1 Bh6 27. Bc1 Bg7 28. Be3 Bd4 29. Rc1 Qb5 30. Qc2 Bxa1 31. Rxa1 Qc4 32. Rc1 Qxc2 33. Rxc2 Na6 34. Rc6 Nxd5 35. Rxa6 Rb1 36. Ra8+ Kg7 37. Ra1 Rxa1 38. Bd4+ f6 39. Bxa1 Nf4 40. Kf1 Kf7 41. Bd4 h5 42. Be3 Nd3 43. Ke2 Ne5 44. Nc3 g5 45. Nb5 Ng6 46. g3 Ke6 47. f4 gxf4 48. gxf4 f5 49. Nd4+ Kf6 50. Nxf5 d5 51. Ng3 dxe4 52. Nxh5+ Ke6 53. Bf2 Kf5 54. Ke3 e5 55. Ng3+ Kf6 56. Nxe4+ Kf5 57. Nd6+ Kf6 58. f5 Nf4 59. Bh4+ Kg7 60. Ke4 Nxh3 61. Kxe5 Kf8 62. f6 Ng1 63. Bg5 Nf3+ 64. Kf5 Nd4+ 65. Kg6 Ne6 66. Bh6+ Kg8 67. f7+ Kh8 68. Bg7+ 1-0

[Event "Auckland Morrison Memorial"]
[Site "Auckland"]
[Date "2014.10.25"]
[Round "3"]
[White "Runcan, Daniel Ioan"]
[Black "Lyall, Simon"]
[Result "0-1"]
[WhiteElo "1939"]
[BlackElo "1780"]
[PlyCount "46"]
[EventDate "2014.10.24"]
[EventType "swiss"]
[EventRounds "6"]
[EventCountry "NZL"]
[SourceTitle "EXT 2018"]
[Source "ChessBase"]
[SourceDate "2017.10.13"]
[SourceVersion "1"]
[SourceVersionDate "2017.10.13"]
[SourceQuality "1"]

1. e4 e5 2. Nf3 Nf6 3. Nxe5 d6 4. Nf3 Nxe4 5. Qe2 Qe7 6. d3 Nf6 7. Bg5 Qxe2+ 8. Bxe2 Be7 9. Nc3 Nbd7 10. d4 0-0 11. 0-0-0 a6 12. Bd3 b5 13. Rde1 Bd8 14. Ne4 h6 15. Bf4 Bb7 16. Rhg1 Nd5 17. Nxd6 cxd6 18. Bxd6 Ba5 19. b4 Bxb4 20. Bxb4 Nxb4 21. Re7 Nxd3+ 22. cxd3 Bxf3 23. gxf3 Nf6 0-1

[Event "Auckland North Shore op 41st"]
[Site "Auckland"]
[Date "2014.09.06"]
[Round "2"]
[White "Runcan, Daniel Ioan"]
[Black "McCrone, Jeffrey"]
[Result "0-1"]
[WhiteElo "1946"]
[BlackElo "2069"]
[PlyCount "216"]
[EventDate "2014.09.06"]
[EventType "swiss"]
[EventRounds "5"]
[EventCountry "NZL"]
[SourceTitle "CBM 162 Extra"]
[Source "ChessBase"]
[SourceDate "2014.10.17"]
[SourceVersion "1"]
[SourceVersionDate "2014.10.17"]
[SourceQuality "1"]

1. e4 c5 2. Nc3 Nc6 3. f4 e6 4. Nf3 Be7 5. Bb5 Nd4 6. a4 a6 7. Bc4 Bh4+ 8. Nxh4 Qxh4+ 9. g3 Qd8 10. 0-0 Ne7 11. e5 d5 12. exd6 Qxd6 13. Ne4 Qc6 14. Ng5 b6 15. Bd3 f5 16. Be2 h6 17. Bf3 Nxf3+ 18. Nxf3 Bb7 19. Qe2 g5 20. Kf2 gxf4 21. gxf4 Rg8 22. d3 0-0-0 23. Bd2 Rg6 24. Rg1 Rdg8 25. Rxg6 Rxg6 26. b3 Qd5 27. c4 Qd6 28. Rg1 Rxg1 29. Kxg1 Ng6 30. Qe3 a5 31. Kf2 h5 32. Ng5 Kd7 33. Nf3 Qe7 34. Bc3 Qd6 35. Be5 Nxe5 36. Nxe5+ Kc8 37. Ng6 Kd7 38. h4 Kc8 39. Ke2 Bc6 40. Qe5 Kc7 41. Ke3 Be8 42. Qxd6+ Kxd6 43. Ne5 Bc6 44. Kd2 Bg2 45. Kc3 Bc6 46. d4 Be4 47. Nf7+ Ke7 48. Ng5 Bc6 49. dxc5 bxc5 50. Nh3 e5 51. Kd3 Bg2 52. Ng5 exf4 53. Nh7 Be4+ 54. Kd2 f3 55. Ng5 Kf6 56. Nh3 Ke5 57. Kc3 f4 58. Kd2 Bf5 59. Nf2 Kd4 60. Nd1 Be6 61. Nf2 Bf5 62. Nd1 Bb1 63. Nc3 f2 64. Nb5+ Ke5 65. Ke2 Bc2 66. Na7 Kd6 67. Nb5+ Kc6 68. Na7+ Kd7 69. Nb5 Bxb3 70. Kxf2 Bxc4 71. Nc3 Bb3 72. Kf3 Kc6 73. Kxf4 Be6 74. Ke5 Bg4 75. Ke4 Bd7 76. Nb5 Kb6 77. Nc3 Bc6+ 78. Ke5 Bxa4 79. Nxa4+ Kb5 80. Nc3+ Kb4 81. Na2+ Kb3 82. Nc1+ Kc3 83. Ne2+ Kd2 84. Ng3 a4 85. Ne4+ Kc2 86. Nxc5 a3 87. Ne6 a2 88. Kf5 a1Q 89. Nf4 Qd1 90. Ng6 Qg4+ 91. Kf6 Kc3 92. Kf7 Kd4 93. Kf6 Kd5 94. Ne7+ Kd6 95. Nf5+ Kd7 96. Ke5 Qg8 97. Kf6 Qg4 98. Ke5 Kc6 99. Nd4+ Kc5 100. Nf5 Kb4 101. Kf6 Kc3 102. Ke5 Kd3 103. Kf6 Ke2 104. Ke5 Kf3 105. Nd4+ Kg3 106. Nf5+ Kh3 107. Kf6 Qxh4+ 108. Nxh4 Kxh4 0-1

[Event "North Shore op-A"]
[Site "Auckland"]
[Date "2010.10.09"]
[Round "1"]
[White "McLaren, Leonard"]
[Black "Runcan, Daniel Ioan"]
[Result "1/2-1/2"]
[WhiteElo "2205"]
[BlackElo "1954"]
[PlyCount "73"]
[EventDate "2010.10.09"]
[EventType "swiss"]
[EventRounds "5"]
[EventCountry "NZL"]
[SourceTitle "EXT 2018"]
[Source "ChessBase"]
[SourceDate "2017.10.13"]
[SourceVersion "1"]
[SourceVersionDate "2017.10.13"]
[SourceQuality "1"]

1. e4 d6 2. d4 Nf6 3. Nc3 g6 4. f4 Bg7 5. Nf3 0-0 6. Be2 c5 7. dxc5 dxc5 8. e5 Qxd1+ 9. Bxd1 Ne8 10. Be3 b6 11. Be2 Nc6 12. 0-0-0 Nc7 13. Ng5 f6 14. Bc4+ e6 15. exf6 Bxf6 16. Nce4 Bd4 17. Bxd4 cxd4 18. Nd6 h6 19. Nh3 Ba6 20. Bxa6 Nxa6 21. Rhe1 Nc7 22. a4 a6 23. g3 b5 24. axb5 axb5 25. Nf2 Ra1+ 26. Kd2 Ra2 27. Nd3 Na5 28. Ra1 Rxa1 29. Rxa1 Nc4+ 30. Nxc4 bxc4 31. Ne5 g5 32. Ra4 gxf4 33. Rxc4 Nd5 34. gxf4 Rxf4 35. b4 Ne3 36. Rc8+ Kg7 37. b5 1/2-1/2